[Event "ROU-ch Women 2019"]
[Site "Olanesti"]
[Date "2019.03.09"]
[Round "8.20"]
[White "Sandu, Mihaela"]
[Black "Morea, Georgiana-Steluta"]
[Result "1-0"]
[WhiteElo "2294"]
[BlackElo "1885"]
[Annotator "NA"]
[PlyCount "109"]
[EventDate "2019.03.02"]
[EventType "swiss"]
[EventCountry "ROU"]
[SourceTitle "playchess.com"]
[Source "ChessBase"]
[SourceQuality "1"]
[TimeControl "40/5400+30:1800+30"]

1. e4 {[%emt 0:01:05]} c5 {[%emt 0:00:00]} 2. Nf3 {[%emt 0:00:04]} e6 {[%emt 0:00:05]} 3. d4 {[%emt 0:00:08]} cxd4 {[%emt 0:00:15]} 4. Nxd4 {[%emt 0:00:03]} a6 {[%emt 0:00:05]} 5. Nc3 {[%emt 0:00:13]} Qc7 {[%emt 0:00:57]} 6. Bd3 {[%emt 0:00:16]} Nf6 {[%emt 0:00:41]} 7. Qe2 {[%emt 0:03:03]} d6 {[%emt 0:00:58]} 8. a4 {[%emt 0:08:30]} Nbd7 {[%emt 0:01:10]} 9. O-O {[%emt 0:01:39]} b6 {[%emt 0:05:10]} 10. Bd2 {[%emt 0:00:44]} Bb7 {[%emt 0:01:38]} 11. f4 {[%emt 0:00:42]} Nc5 {[%emt 0:02:02]} 12. b4 {[%emt 0:04:07]} Nxd3 {[%emt 0:01:25]} 13. cxd3 {[%emt 0:00:03]} Be7 {[%emt 0:00:41]} 14. Kh1 {[%emt 0:02:54]} O-O {[%emt 0:02:05]} 15. Rfc1 {[%emt 0:01:40]} Qd7 {[%emt 0:00:41]} 16. Be3 {[%emt 0:00:22]} Rfc8 {[%emt 0:02:19]} 17. Rab1 {[%emt 0:17:08]} Rc7 {[%emt 0:05:38]} 18. b5 {[%emt 0:13:00]} d5 {[%emt 0:19:21]} 19. e5 {[%emt 0:05:12]} Ne8 {[%emt 0:00:05]} 20. bxa6 {[%emt 0:05:17]} Rxa6 {[%emt 0:02:39]} 21. Ndb5 {[%emt 0:02:23]} Rc6 {[%emt 0:02:30]} 22. Qd1 {[%emt 0:08:29]} Ba8 {[%emt 0:07:40]} 23. Qb3 {[%emt 0:03:51]} f5 {[%emt 0:07:36]} 24. Nd4 {[%emt 0:03:14]} Rc5 {[%emt 0:07:55]} 25. h3 {[%emt 0:04:41]} Kf7 {[%emt 0:01:56]} 26. Ndb5 {[%emt 0:04:07]} Rc6 {[%emt 0:02:18]} 27. Kh2 {[%emt 0:00:27]} h6 {[%emt 0:01:51]} 28. Nd4 {[%emt 0:01:05]} Rc5 {[%emt 0:01:30]} 29. Ndb5 {[%emt 0:01:56]} Rc6 {[%emt 0:00:06]} 30. Ne2 {[%emt 0:00:08]} Bc5 {[%emt 0:05:58]} 31. Ned4 {[%emt 0:00:36]} Rc8 {[%emt 0:00:14]} 32. Qd1 {[%emt 0:01:09]} g6 {[%emt 0:00:46]} 33. Bg1 {[%emt 0:02:22]} Bc6 {[%emt 0:01:10]} 34. Kh1 {[%emt 0:00:54]} Bb7 {[%emt 0:00:44]} 35. Qb3 {[%emt 0:02:10]} Raa8 {[%emt 0:00:35]} 36. Rc2 {[%emt 0:00:28]} g5 {[%emt 0:03:10]} 37. Rf1 {[%emt 0:01:23]} Kg6 {[%emt 0:00:31]} 38. Re2 {[%emt 0:01:31]} Ng7 {[%emt 0:01:26]} 39. Kh2 {[%emt 0:01:36]} Bc6 {[%emt 0:02:32]} 40. Rc2 {[%emt 0:00:00]} Bb7 {[%emt 0:00:00]} 41. Re2 {[%emt 0:08:28]} Rf8 {[%emt 0:05:10]} 42. g3 {[%emt 0:03:02]} Kh7 {[%emt 0:02:30]} 43. Ra2 {[%emt 0:00:03]} Rg8 {[%emt 0:00:50]} 44. Nd6 {[%emt 0:02:04]} gxf4 {[%emt 0:02:34]} 45. gxf4 {[%emt 0:00:03]} Bxd6 {[%emt 0:00:59]} 46. exd6 {[%emt 0:00:04]} Qxd6 {[%emt 0:00:24]} 47. Nb5 {[%emt 0:00:08]} Qb8 {[%emt 0:01:26]} 48. Bd4 {[%emt 0:00:18]} Nh5 {[%emt 0:06:10]} 49. Rc2 {[%emt 0:01:06]} Ba6 {[%emt 0:02:24]} 50. Rc7+ {[%emt 0:00:41]} Ng7 {[%emt 0:00:14]} 51. Rg1 {[%emt 0:00:19]} Ra7 {[%emt 0:00:46]} 52. Be5 {[%emt 0:10:35]} Rxc7 {[%emt 0:00:57]} 53. Nxc7 {[%emt 0:00:05]} Qa7 {[%emt 0:03:32]} 54. Qb4 {[%emt 0:01:29]} b5 {[%emt 0:01:57]} 55. d4 {[%emt 0:00:08]} 1-0

[Event "ROU-ch Women 2019"]
[Site "Olanesti"]
[Date "2019.03.10"]
[Round "9.16"]
[White "Lehaci, Miruna-Daria"]
[Black "Aciu, Malina-Andreea"]
[Result "1-0"]
[WhiteElo "2052"]
[BlackElo "1980"]
[Annotator "NA"]
[PlyCount "85"]
[EventDate "2019.03.02"]
[EventType "swiss"]
[EventCountry "ROU"]
[SourceTitle "playchess.com"]
[Source "ChessBase"]
[SourceQuality "1"]
[TimeControl "40/5400+30:1800+30"]

1. e4 {[%emt 0:00:00]} c5 {[%emt 0:02:13]} 2. Nf3 {[%emt 0:00:00]} d6 {[%emt 0:00:11]} 3. d4 {[%emt 0:00:00]} cxd4 {[%emt 0:00:08]} 4. Nxd4 {[%emt 0:00:00]} Nf6 {[%emt 0:00:08]} 5. Nc3 {[%emt 0:00:00]} a6 {[%emt 0:00:04]} 6. Be3 {[%emt 0:00:00]} Ng4 {[%emt 0:00:05]} 7. Bg5 {[%emt 0:00:12]} h6 {[%emt 0:00:27]} 8. Bh4 {[%emt 0:00:52]} g5 {[%emt 0:00:06]} 9. Bg3 {[%emt 0:00:37]} Bg7 {[%emt 0:00:08]} 10. Be2 {[%emt 0:00:10]} h5 {[%emt 0:00:18]} 11. Bxg4 {[%emt 0:00:20]} Bxg4 {[%emt 0:00:24]} 12. f3 {[%emt 0:00:09]} Bd7 {[%emt 0:03:13]} 13. O-O {[%emt 0:09:37]} Nc6 {[%emt 0:05:47] LiveBook: 3 Games} 14. Bf2 {[%emt 0:03:08]} Ne5 {[%emt 0:15:12]} 15. Nf5 {[%emt 0:09:10]} ({White should try} 15. Nd5 $14) 15... Bxf5 {[%emt 0:02:24]} 16. exf5 $11 {[%emt 0:00:09]} e6 {[%emt 0:28:56]} 17. Ne4 {[%emt 0:06:48]} d5 {[%emt 0:01:21]} 18. f6 {[%emt 0:05:28]} Bh6 {[%emt 0:05:34]} 19. Nc3 {[%emt 0:00:58]} O-O {[%emt 0:06:29]} 20. Bd4 {[%emt 0:14:06]} Nd7 {[%emt 0:03:31]} 21. f4 {[%emt 0:00:23]} g4 {[%emt 0:01:10]} 22. Qe1 {[%emt 0:01:31]} Nxf6 {[%emt 0:03:24]} 23. Qe5 {[%emt 0:00:22]} Bg7 {[%emt 0:00:57]} 24. Rad1 {[%emt 0:00:26]} Rc8 {[%emt 0:02:30]} 25. Qg5 {[%emt 0:03:20]} Kh7 {[%emt 0:10:23]} 26. Bxf6 {[%emt 0:01:01]} Qxf6 {[%emt 0:00:06]} 27. Qxh5+ {[%emt 0:00:03]} Qh6 {[%emt 0:01:37]} 28. Qxg4 {[%emt 0:00:05]} Bxc3 {[%emt 0:01:31]} 29. bxc3 {[%emt 0:00:31]} Rxc3 {[%emt 0:00:19]} 30. Rd3 {[%emt 0:02:05]} Rxd3 {[%emt 0:00:15]} 31. cxd3 {[%emt 0:00:03]} Rg8 {[%emt 0:01:14]} 32. Qe2 {[%emt 0:00:19]} Qf6 {[%emt 0:01:06]} 33. f5 {[%emt 0:01:43]} exf5 {[%emt 0:02:19]} 34. Qh5+ {[%emt 0:00:39]} Kg7 {[%emt 0:00:06]} 35. Rxf5 {[%emt 0:01:02]} Qd4+ {[%emt 0:00:37]} 36. Rf2 {[%emt 0:00:04]} f6 {[%emt 0:00:33]} 37. g3 {[%emt 0:03:37]} Rf8 {[%emt 0:01:29]} 38. Qf5 {[%emt 0:01:25]} b5 {[%emt 0:01:04]} 39. h4 {[%emt 0:00:40]} Rh8 {[%emt 0:01:09]} 40. h5 {[%emt 0:00:00]} Rh6 {[%emt 0:00:00]} 41. Kg2 {[%emt 0:06:47]} Qc5 42. Qd7+ {[%emt 0:01:44]} Kg8 {[%emt 0:07:18]} 43. Re2 {[%emt 0:00:10]} 1-0

[Event "ROU-ch Women 2019"]
[Site "Olanesti"]
[Date "2019.03.10"]
[Round "9.17"]
[White "Peptan, Corina-Isabela"]
[Black "Cosman, Andreea-Marioara"]
[Result "1-0"]
[WhiteElo "2374"]
[BlackElo "2191"]
[Annotator "TA"]
[PlyCount "81"]
[EventDate "2019.03.02"]
[EventType "swiss"]
[EventCountry "ROU"]
[SourceTitle "playchess.com"]
[Source "ChessBase"]
[SourceQuality "1"]

{[%evp 18,80,33,39,48,39,50,43,42,35,39,37,33,53,49,46,45,56,110,100,87,62,70,64,96,108,124,78,85,79,79,79,81,72,102,87,238,245,268,202,209,206,191,170,176,111,369,347,330,331,590,564,522,486,1655,1419,1997,776,29996,1287,29992,29991,29991,29992,29999]} 1. d4 Nf6 2. c4 c5 3. d5 e6 4. Nc3 exd5 5. cxd5 d6 6. Nf3 g6 7. Bf4 a6 8. a4 Bg7 9. h3 O-O 10. e3 Qe7 {A61: Modern Benoni: Nf3 without early e4} 11. Nd2 (11. Bd3 Nbd7 12. O-O Ne8 13. e4 Rb8 14. Re1 Nc7 15. Qd2 Ne5 16. Nxe5 Bxe5 17. Bxe5 Qxe5 18. a5 {1-0 (42) Akobian,V (2647)-Ponkratov,P (2613) Riadh 2017}) 11... Nbd7 12. Nc4 Ne8 {White is slightly better.} 13. a5 f5 14. Be2 g5 15. Bh2 Ne5 16. Bxe5 $146 ({Predecessor:} 16. Nb6 Rb8 17. O-O Bd7 18. f4 gxf4 19. exf4 {1-0 (36) Keymer,V (2386)-Kardoeus,D (2155) Hannover 2016}) 16... Bxe5 17. Na4 Nf6 (17... Bd7 $14) 18. Nab6 $16 Rb8 19. O-O Bd7 20. Qc2 Rbe8 21. Bd3 ({Much worse is} 21. Nxe5 $6 Qxe5 22. Rab1 Bb5 $11) ({Reject} 21. Nxd7 Qxd7 22. Rad1 Kh8 $11) 21... f4 22. exf4 Bxf4 23. Nxd7 Nxd7 24. Bf5 Ne5 {And now ...Rxf5! would win.} 25. Be6+ Kh8 26. Qc3 g4 $2 (26... Qg7 $16) 27. hxg4 $18 Qf6 28. g3 Nxc4 29. Qxc4 Be5 30. Qe2 Re7 31. Rab1 (31. Kg2 $18) 31... Rg7 $2 {[%mdl 8192]} (31... Qf3 $16 {was called for.} 32. Qxf3 Rxf3) 32. Kg2 Bd4 33. f4 Rc7 $2 (33... Qd8 34. Qd2 Qe8) 34. Rh1 c4 35. Qe4 {Strongly threatening g5.} c3 (35... Bc5 $142 36. Bf5 Re7) 36. g5 Qg7 {[#]} 37. bxc3 (37. Rxh7+ $142 $1 {[%mdl 512]} Qxh7 38. Qxd4+ {[%mdl 64] Double Attack} Rg7 39. Rh1 Qxh1+ 40. Kxh1) 37... Rxc3 {[#]} 38. g6 (38. Rxh7+ $142 $1 {[%mdl 512]} Qxh7 39. Qxd4+ {[%mdl 64] Double Attack} Rf6 40. Qxf6+ Qg7 41. Rh1#) 38... Re3 39. Qxd4 {[%csl Gg6][%cal Rh1h7] White mates.} Re2+ 40. Kf3 {[%csl Gg6][%cal Rh1h7]} Qxd4 41. Rxh7# {Accuracy: White = 75%, Black = 33%.} 1-0

[Event "ROU-ch Women 2019"]
[Site "Olanesti"]
[Date "2019.03.10"]
[Round "9.18"]
[White "Sgircea, Silvia-Raluca"]
[Black "Cosma, Elena-Luminita"]
[Result "1/2-1/2"]
[WhiteElo "2252"]
[BlackElo "2324"]
[Annotator "TA"]
[PlyCount "55"]
[EventDate "2019.03.02"]
[EventType "swiss"]
[EventCountry "ROU"]
[SourceTitle "playchess.com"]
[Source "ChessBase"]
[SourceQuality "1"]

{[%evp 23,55,21,51,20,27,19,15,14,14,11,12,6,8,7,7,8,11,0,0,0,0,0,0,-1,6,3,5,0,0,-3,0,0,0,-27]} 1. c4 e6 2. Nf3 d5 3. b3 Nf6 4. Bb2 Be7 5. g3 O-O 6. Bg2 b6 7. O-O Bb7 8. e3 c5 9. Nc3 Nc6 10. cxd5 Nxd5 11. Nxd5 Qxd5 12. d4 Na5 {LiveBook: 29 Games} 13. Nh4 {A14: English Opening: 1...e6 with b3 by White} (13. Ba3 {is interesting.} Rfd8 14. Rc1 Rac8 15. dxc5 Bxc5 16. Bxc5 Rxc5 17. Qxd5 Bxd5 18. Nd4) (13. dxc5 Bxc5 14. Qe2 Rfd8 15. Rfd1 Qc6 16. Rac1 Qe8 17. Bxg7 Kxg7 18. b4 Bxb4 19. Qb2+ Kg8 20. Qxb4 Rxd1+ 21. Rxd1 {1-0 (33) Marin,M (2555)-Itkis,B (2325) Sovata 2018}) 13... Qd8 14. dxc5 {Hoping for Bxb7.} Qxd1 {The position is equal.} 15. Rfxd1 {[#] And now Bxb7 would win.} Bxg2 16. Kxg2 $146 ({Predecessor:} 16. Nxg2 Bxc5 17. Rd7 Rfd8 18. Rad1 Nc6 19. Nf4 Be7 20. Nh5 f6 {½-½ (60) Koshy,V (2313)-Deepak,K (2163) Bhiwani 2010}) 16... Bxc5 17. Rd7 Rfd8 18. Rad1 Nc6 19. Nf3 f6 20. Rxd8+ (20. Bc3 {keeps more tension.} a5 21. Rxd8+ Rxd8 22. Rxd8+ Nxd8 23. Nd2) 20... Rxd8 21. Rxd8+ Nxd8 $11 {[%mdl 4096] Endgame KBN-KBN} 22. Nd4 Kf7 23. Kf3 Ke7 24. Ke4 Kd7 25. Kd3 Nf7 26. Nf3 e5 27. Nd2 Kc6 28. Ke4 {Precision: White = 38%, Black = 84%.} 1/2-1/2

[Event "ROU-ch Women 2019"]
[Site "Olanesti"]
[Date "2019.03.10"]
[Round "9.19"]
[White "Dragomirescu, Angela"]
[Black "Sandu, Mihaela"]
[Result "1/2-1/2"]
[WhiteElo "2260"]
[BlackElo "2294"]
[Annotator "TA"]
[PlyCount "94"]
[EventDate "2019.03.02"]
[EventType "swiss"]
[EventCountry "ROU"]
[SourceTitle "playchess.com"]
[Source "ChessBase"]
[SourceQuality "1"]

{[%evp 10,94,15,0,25,28,33,40,49,43,49,30,29,29,36,36,51,18,18,20,14,19,21,16,41,16,20,21,46,0,0,0,0,0,32,23,39,37,38,44,63,3,73,27,35,0,0,0,0,0,0,0,0,0,0,0,0,0,0,0,0,0,26,0,0,0,0,-11,0,0,0,0,0,0,0,0,0,0,0,0,0,0,0,0,0,0,0]} 1. Nf3 Nf6 2. c4 g6 3. b3 Bg7 4. Bb2 d6 5. d4 O-O 6. g3 Bf5 {E60: King's Indian: Unusual lines and Fianchetto Variation without Nc3} (6... Nbd7 7. Bg2 c6 8. O-O Re8 9. Nc3 e5 10. e4 exd4 11. Nxd4 Nc5 12. Re1 Ng4 13. h3 Ne5 14. Re3 Qb6 15. Nc2 a5 16. Bf1 Be6 17. Rb1 a4 18. b4 Ncd7 19. Na3 Qxb4 20. Bc1 {½-½ (41) Caruana,F (2816)-Grischuk,A (2766) Paris 2018}) 7. Bg2 Qc8 8. O-O c5 {White is slightly better.} 9. Nc3 Bh3 10. Qd2 Bxg2 11. Kxg2 cxd4 12. Nxd4 Nc6 13. Nd5 $146 (13. Rad1 {feels hotter.} Rd8 14. f3 Nxd4 15. Qxd4 Qc5 16. Qxc5 dxc5 17. Bc1) ({Predecessor:} 13. e4 a6 14. f3 Qc7 15. Rfd1 Qa5 16. Nce2 Qxd2 17. Rxd2 {½-½ (17) Bernei,A (2265)-Frink,F Salgotarjan 1980}) 13... Nxd5 14. cxd5 Nxd4 15. Bxd4 Bxd4 16. Qxd4 Qf5 17. Rac1 Rfc8 18. e4 Qg4 19. Rfe1 a6 20. h3 Qd7 $1 21. Qd2 Qb5 22. Rc3 a5 23. Rec1 Rxc3 24. Rxc3 $14 {[%mdl 4096] Endgame KQR-KQR} Qb4 25. Qc2 (25. Qd3 $14) 25... a4 (25... b5 $11 {remains equal.}) 26. Rc4 axb3 27. axb3 Qe1 28. Rc8+ Rxc8 29. Qxc8+ $11 {[%mdl 64] [#] Double Attack. KQ-KQ} Kg7 30. Qc4 b5 31. Qxb5 Qxe4+ 32. Kg1 f5 33. Qc4 Kf6 {[#] ...Qxc4 is the strong threat.} 34. Qc3+ Qe5 35. Qd2 g5 36. f4 gxf4 {The position is equal.} 37. gxf4 Qe4 38. Kh2 h5 39. Kg3 e5 40. dxe6 $1 Kxe6 41. b4 d5 42. b5 Kd6 43. Qc1 Qd3+ 44. Kh4 {And now Qc6+ would win.} Qxb5 45. Qe3 Qd7 {Threatens to win with ...Qe7+.} 46. Qe5+ Kc6 47. Qc3+ Kd6 {Accuracy: White = 57%, Black = 51%.} 1/2-1/2

[Event "ROU-ch Women 2019"]
[Site "Olanesti"]
[Date "2019.03.10"]
[Round "9.20"]
[White "Ionescu, Irina"]
[Black "Balan, Briana-Cleopatra"]
[Result "1/2-1/2"]
[WhiteElo "2270"]
[BlackElo "1873"]
[Annotator "TA"]
[PlyCount "155"]
[EventDate "2019.03.02"]
[EventType "swiss"]
[EventCountry "ROU"]
[SourceTitle "playchess.com"]
[Source "ChessBase"]
[SourceQuality "1"]

{[%evp 9,155,9,6,-25,4,-10,12,12,24,0,0,3,2,-19,13,16,9,8,75,77,87,90,102,106,110,101,125,65,42,0,0,0,0,0,0,0,68,46,98,91,97,88,122,122,121,101,122,73,73,73,73,73,73,73,73,73,73,73,73,73,73,73,73,36,73,70,70,70,73,73,73,73,176,70,73,70,70,69,69,29,29,10,25,25,25,0,25,25,25,0,25,0,14,14,36,36,36,36,36,33,35,33,33,33,36,36,36,36,36,36,36,26,36,33,36,0,0,0,35,26,35,25,39,35,40,18,18,18,18,18,18,18,18,18,18,18,18,18,18,18,26,8,8,8,8,8,22,8]} 1. e4 c5 2. Nf3 e6 3. d3 Nc6 4. g3 Nge7 5. Bg2 g6 6. Be3 {B40: Sicilian: 2...e6, Unusual lines} (6. O-O Bg7 7. c3 O-O 8. Re1 e5 9. a3 d6 10. b4 Be6 11. b5 Nb8 12. c4 h6 13. Nc3 Nd7 14. Nd5 a6 15. Rb1 axb5 16. Rxb5 b6 17. Qb3 Ra6 18. Bd2 {½-½ (39) Carlsen,M (2832)-Grischuk,A (2750) chess.com INT 2017}) 6... Bg7 7. c3 d6 8. h4 h5 9. Qd2 $146 ({Predecessor:} 9. Ng5 e5 10. Qb3 O-O 11. Nd2 Rb8 12. O-O b5 {½-½ (38) Blahynka,M (1957)-Szotkowski,J (1803) Kouty nad Desnou 2011}) 9... e5 10. O-O O-O 11. d4 cxd4 12. cxd4 d5 13. Nxe5 Nxe5 (13... dxe4 $11 14. Bxe4 Nxe5 15. dxe5 Bf5 16. Bxb7 Rb8) 14. dxe5 $16 {[%cal Re4d5]} dxe4 15. Bc5 $1 Qxd2 16. Nxd2 Re8 17. Nxe4 Bxe5 {[#]} 18. Rfe1 (18. Rae1 $1 $16) 18... Bf5 $1 $14 19. f4 Bxb2 20. Rab1 Bg7 21. Rxb7 Nd5 22. Bf2 $36 {[%mdl 2048] White is more active.} Bxe4 (22... Re6 $11) 23. Rxe4 Rxe4 ({Better is} 23... Reb8 $14 24. Rxa7 Rxa7 25. Bxa7 Ra8) 24. Bxe4 $16 Nc3 25. Bc2 Nxa2 26. Bb3 {[%mdl 64] Double Attack} Nc3 27. Rxf7 Kh8 28. Rxa7 Rxa7 29. Bxa7 {[%mdl 4096] Endgame KBB-KBN} Ne2+ 30. Kg2 Nd4 31. Ba4 Kg8 32. Be8 Kh7 33. Bb8 Nf5 34. Be5 Bf8 35. Bc3 Bc5 36. Kf3 Bb6 37. Bd7 Bc5 38. Be1 Be7 39. Ke4 Nh6 40. Kd5 Bf6 {[#]} (40... Kg7 $16 41. Bc3+ Bf6) 41. Bb5 ({Only move:} 41. Bh3 $1 $18) 41... Nf5 42. Bd3 Kg7 43. Bf2 Kf7 44. Kc6 Bc3 45. Kd7 Kf6 46. Ke8 Kg7 47. Kd7 {aiming for Ke6.} Kf6 48. Be2 Bd2 49. Kc6 Ne3 50. Kc5 Nf5 51. Kd5 {Threatening Bd3.} Bc1 52. Ke4 Nd6+ 53. Kf3 {Strongly threatening Bd4+.} Bb2 54. Bb6 Nf5 55. Bd8+ Kg7 56. Bd3 Nh6 57. Bc7 {Be5+ is the strong threat.} Kf7 58. Be5 Ba3 59. Bc4+ Ke7 60. Bd4 Nf5 61. Bb6 (61. Bc3 {with more complications.} Bd6 62. Bf1 Bc7 63. Bh3 Kf8 64. Be1) 61... Nh6 62. Ke4 Nf5 63. Kf3 Nh6 64. Ba6 Bb2 65. Bc8 {Hoping for Bc5+.} Bf6 66. Bc5+ Kf7 67. Bd6 Nf5 68. Be5 Be7 69. Ba6 Bd8 70. Bc4+ Kf8 71. Be6 {With the idea Bc3.} Ke7 72. Bc8 Kf7 73. Bc3 {next Ba6 is good for White.} Be7 74. Be1 {Black should prevent Bd7.} Bf6 75. g4 Nxh4+ {The position is equal.} 76. Kg3 hxg4 77. Kxg4 g5 78. fxg5 {Accuracy: White = 39%, Black = 60%.} 1/2-1/2